Make David Blaine Disappear Quiz Stats

 Plays Quiz Updated Jun 26, 2019

Score 0/144 Timer 05:00
1 Play Today
% Correct
RABBIT
99.2%
HOUDINI
98.7%
CARD
98.3%
HAND
98.2%
HOCUS
97.9%
TELLER
96.8%
BEFORE
95.8%
BOBBIDI
93.7%
COPPERFIELD
91.8%
ANGEL
89.9%
MASTER
89.1%
David Blaine is gone,
but I am never
gonna give you up!
77.6%
David Blaine is gone,
but I am never
gonna give you up!
77.6%
David Blaine is gone,
but I am never
gonna give you up!
77.6%
David Blaine is gone,
but I am never
gonna give you up!
77.6%
David Blaine is gone,
but I am never
gonna give you up!
77.6%
David Blaine is gone,
but I am never
gonna give you up!
77.6%
David Blaine is gone,
but I am never
gonna give you up!
77.6%
David Blaine is gone,
but I am never
gonna give you up!
77.6%
David Blaine is gone,
but I am never
gonna give you up!
77.6%
David Blaine is gone,
but I am never
gonna give you up!
77.6%
David Blaine is gone,
but I am never
gonna give you up!
77.6%
David Blaine is gone,
but I am never
gonna give you up!
77.6%
David Blaine is gone,
but I am never
gonna give you up!
77.6%
David Blaine is gone,
but I am never
gonna give you up!
77.6%
David Blaine is gone,
but I am never
gonna give you up!
77.6%
David Blaine is gone,
but I am never
gonna give you up!
77.6%
David Blaine is gone,
but I am never
gonna give you up!
77.6%
David Blaine is gone,
but I am never
gonna give you up!
77.6%
David Blaine is gone,
but I am never
gonna give you up!
77.6%
David Blaine is gone,
but I am never
gonna give you up!
77.6%
David Blaine is gone,
but I am never
gonna give you up!
77.6%
David Blaine is gone,
but I am never
gonna give you up!
77.6%
David Blaine is gone,
but I am never
gonna give you up!
77.6%
David Blaine is gone,
but I am never
gonna give you up!
77.6%
David Blaine is gone,
but I am never
gonna give you up!
77.6%
David Blaine is gone,
but I am never
gonna give you up!
77.6%
David Blaine is gone,
but I am never
gonna give you up!
77.6%
David Blaine is gone,
but I am never
gonna give you up!
77.6%
David Blaine is gone,
but I am never
gonna give you up!
77.6%
David Blaine is gone,
but I am never
gonna give you up!
77.6%
David Blaine is gone,
but I am never
gonna give you up!
77.6%
David Blaine is gone,
but I am never
gonna give you up!
77.6%
David Blaine is gone,
but I am never
gonna give you up!
77.6%
David Blaine is gone,
but I am never
gonna give you up!
77.6%
David Blaine is gone,
but I am never
gonna give you up!
77.6%
David Blaine is gone,
but I am never
gonna give you up!
77.6%
David Blaine is gone,
but I am never
gonna give you up!
77.6%
% Correct
David Blaine is gone,
but I am never
gonna give you up!
77.6%
David Blaine is gone,
but I am never
gonna give you up!
77.6%
David Blaine is gone,
but I am never
gonna give you up!
77.6%
David Blaine is gone,
but I am never
gonna give you up!
77.6%
David Blaine is gone,
but I am never
gonna give you up!
77.6%
David Blaine is gone,
but I am never
gonna give you up!
77.6%
David Blaine is gone,
but I am never
gonna give you up!
77.6%
David Blaine is gone,
but I am never
gonna give you up!
77.6%
David Blaine is gone,
but I am never
gonna give you up!
77.6%
David Blaine is gone,
but I am never
gonna give you up!
77.6%
David Blaine is gone,
but I am never
gonna give you up!
77.6%
David Blaine is gone,
but I am never
gonna give you up!
77.6%
David Blaine is gone,
but I am never
gonna give you up!
77.6%
David Blaine is gone,
but I am never
gonna give you up!
77.6%
David Blaine is gone,
but I am never
gonna give you up!
77.6%
David Blaine is gone,
but I am never
gonna give you up!
77.6%
David Blaine is gone,
but I am never
gonna give you up!
77.6%
David Blaine is gone,
but I am never
gonna give you up!
77.6%
David Blaine is gone,
but I am never
gonna give you up!
77.6%
David Blaine is gone,
but I am never
gonna give you up!
77.6%
David Blaine is gone,
but I am never
gonna give you up!
77.6%
David Blaine is gone,
but I am never
gonna give you up!
77.6%
David Blaine is gone,
but I am never
gonna give you up!
77.6%
David Blaine is gone,
but I am never
gonna give you up!
77.6%
David Blaine is gone,
but I am never
gonna give you up!
77.6%
David Blaine is gone,
but I am never
gonna give you up!
77.6%
David Blaine is gone,
but I am never
gonna give you up!
77.6%
David Blaine is gone,
but I am never
gonna give you up!
77.6%
David Blaine is gone,
but I am never
gonna give you up!
77.6%
David Blaine is gone,
but I am never
gonna give you up!
77.6%
David Blaine is gone,
but I am never
gonna give you up!
77.6%
David Blaine is gone,
but I am never
gonna give you up!
77.6%
David Blaine is gone,
but I am never
gonna give you up!
77.6%
David Blaine is gone,
but I am never
gonna give you up!
77.6%
David Blaine is gone,
but I am never
gonna give you up!
77.6%
David Blaine is gone,
but I am never
gonna give you up!
77.6%
David Blaine is gone,
but I am never
gonna give you up!
77.6%
David Blaine is gone,
but I am never
gonna give you up!
77.6%
David Blaine is gone,
but I am never
gonna give you up!
77.6%
David Blaine is gone,
but I am never
gonna give you up!
77.6%
David Blaine is gone,
but I am never
gonna give you up!
77.6%
David Blaine is gone,
but I am never
gonna give you up!
77.6%
David Blaine is gone,
but I am never
gonna give you up!
77.6%
David Blaine is gone,
but I am never
gonna give you up!
77.6%
David Blaine is gone,
but I am never
gonna give you up!
77.6%
David Blaine is gone,
but I am never
gonna give you up!
77.6%
David Blaine is gone,
but I am never
gonna give you up!
77.6%
David Blaine is gone,
but I am never
gonna give you up!
77.6%
% Correct
David Blaine is gone,
but I am never
gonna give you up!
77.6%
David Blaine is gone,
but I am never
gonna give you up!
77.6%
David Blaine is gone,
but I am never
gonna give you up!
77.6%
David Blaine is gone,
but I am never
gonna give you up!
77.6%
David Blaine is gone,
but I am never
gonna give you up!
77.6%
David Blaine is gone,
but I am never
gonna give you up!
77.6%
David Blaine is gone,
but I am never
gonna give you up!
77.6%
David Blaine is gone,
but I am never
gonna give you up!
77.6%
David Blaine is gone,
but I am never
gonna give you up!
77.6%
David Blaine is gone,
but I am never
gonna give you up!
77.6%
David Blaine is gone,
but I am never
gonna give you up!
77.6%
David Blaine is gone,
but I am never
gonna give you up!
77.6%
David Blaine is gone,
but I am never
gonna give you up!
77.6%
David Blaine is gone,
but I am never
gonna give you up!
77.6%
David Blaine is gone,
but I am never
gonna give you up!
77.6%
David Blaine is gone,
but I am never
gonna give you up!
77.6%
David Blaine is gone,
but I am never
gonna give you up!
77.6%
David Blaine is gone,
but I am never
gonna give you up!
77.6%
David Blaine is gone,
but I am never
gonna give you up!
77.6%
David Blaine is gone,
but I am never
gonna give you up!
77.6%
David Blaine is gone,
but I am never
gonna give you up!
77.6%
David Blaine is gone,
but I am never
gonna give you up!
77.6%
David Blaine is gone,
but I am never
gonna give you up!
77.6%
David Blaine is gone,
but I am never
gonna give you up!
77.6%
David Blaine is gone,
but I am never
gonna give you up!
77.6%
David Blaine is gone,
but I am never
gonna give you up!
77.6%
David Blaine is gone,
but I am never
gonna give you up!
77.6%
David Blaine is gone,
but I am never
gonna give you up!
77.6%
David Blaine is gone,
but I am never
gonna give you up!
77.6%
David Blaine is gone,
but I am never
gonna give you up!
77.6%
David Blaine is gone,
but I am never
gonna give you up!
77.6%
David Blaine is gone,
but I am never
gonna give you up!
77.6%
David Blaine is gone,
but I am never
gonna give you up!
77.6%
David Blaine is gone,
but I am never
gonna give you up!
77.6%
David Blaine is gone,
but I am never
gonna give you up!
77.6%
David Blaine is gone,
but I am never
gonna give you up!
77.6%
David Blaine is gone,
but I am never
gonna give you up!
77.6%
David Blaine is gone,
but I am never
gonna give you up!
77.6%
David Blaine is gone,
but I am never
gonna give you up!
77.6%
David Blaine is gone,
but I am never
gonna give you up!
77.6%
David Blaine is gone,
but I am never
gonna give you up!
77.6%
David Blaine is gone,
but I am never
gonna give you up!
77.6%
David Blaine is gone,
but I am never
gonna give you up!
77.6%
David Blaine is gone,
but I am never
gonna give you up!
77.6%
David Blaine is gone,
but I am never
gonna give you up!
77.6%
David Blaine is gone,
but I am never
gonna give you up!
77.6%
David Blaine is gone,
but I am never
gonna give you up!
77.6%
David Blaine is gone,
but I am never
gonna give you up!
77.6%

You're not logged in!

Compare scores with friends on all Sporcle quizzes.
OR
Log In

Sporcle TV

Today on Sporcle TV


Watch our educational content, quiz creation guides, and fun videos on Sporcle TV.

Show Comments

Extras

Top Quizzes Today


Score Distribution

Your Account Isn't Verified!

In order to create a playlist on Sporcle, you need to verify the email address you used during registration. Go to your Sporcle Settings to finish the process.

Report this User

Report this user for behavior that violates our Community Guidelines.

Details: